| 000 -LEADER |
| fixed length control field |
01745 a2200241 4500 |
| 003 - CONTROL NUMBER IDENTIFIER |
| control field |
Nust |
| 005 - DATE AND TIME OF LATEST TRANSACTION |
| control field |
20240308082009.0 |
| 010 ## - LIBRARY OF CONGRESS CONTROL NUMBER |
| LC control number |
2003107056 |
| 020 ## - INTERNATIONAL STANDARD BOOK NUMBER |
| International Standard Book Number |
0764543989 (pbk.) |
| 040 ## - CATALOGING SOURCE |
| Transcribing agency |
Nust |
| 082 00 - DEWEY DECIMAL CLASSIFICATION NUMBER |
| Classification number |
005.133,ROB |
| 245 00 - TITLE STATEMENT |
| Title |
Professional C# / |
| Statement of responsibility, etc. |
Simon Robinsons [sic] ... [et al.] |
| 250 ## - EDITION STATEMENT |
| Edition statement |
2nd ed. |
| 260 ## - PUBLICATION, DISTRIBUTION, ETC. |
| Place of publication, distribution, etc. |
Indianapolis, IN : |
| Name of publisher, distributor, etc. |
Wrox, |
| Date of publication, distribution, etc. |
c2003. |
| 300 ## - PHYSICAL DESCRIPTION |
| Extent |
xxiii, 1223 p. : |
| Other physical details |
ill. ; |
| Dimensions |
23 cm. |
| 505 ## - FORMATTED CONTENTS NOTE |
| Formatted contents note |
Introduction (Page-1), C # and .net architecture (Page-11), C # basics (Page-37), Object oriented C # (Page-109), Advanced C # topics (Page-169), C # and the base classes (Page-259), Programming in the net environment (Page-337), Windows Applications (Page-381), Assemblies (Page-437), Data access with .net (Page-504), Viewing .net data (Page-567), Manipulating XML (Page-615), File and registry operations (Page-673), Working with the active directory (Page-717), ASP.Net pages (Page-753), Web services (Page-791), User controls and custom controls (Page-815), COM Interoperability (Page-851), COM+ services (Page-875), Graphics with GDI+ (Page-897), Accessing the internet (Page-957), Distributed applications with .net remoting (Page-981), Windows services (Page-1035), Net security (Page-1081), Appendix A Principles of object oriented programming (Page-1141). Index (Page-1191). |
| 650 #0 - SUBJECT ADDED ENTRY--TOPICAL TERM |
| Topical term or geographic name entry element |
C# (Computer program language) |
| 700 1# - ADDED ENTRY--PERSONAL NAME |
| Personal name |
Robinson, Simon, |
| Dates associated with a name |
1965- |
| 9 (RLIN) |
97900 |
| 856 42 - ELECTRONIC LOCATION AND ACCESS |
| Materials specified |
Contributor biographical information |
| Uniform Resource Identifier |
<a href="http://www.loc.gov/catdir/bios/wiley047/2003107056.html">http://www.loc.gov/catdir/bios/wiley047/2003107056.html</a> |
| 856 42 - ELECTRONIC LOCATION AND ACCESS |
| Materials specified |
Publisher description |
| Uniform Resource Identifier |
<a href="http://www.loc.gov/catdir/description/wiley0310/2003107056.html">http://www.loc.gov/catdir/description/wiley0310/2003107056.html</a> |
| 856 42 - ELECTRONIC LOCATION AND ACCESS |
| Materials specified |
Table of contents |
| Uniform Resource Identifier |
<a href="http://www.loc.gov/catdir/toc/wiley032/2003107056.html">http://www.loc.gov/catdir/toc/wiley032/2003107056.html</a> |
| 942 ## - ADDED ENTRY ELEMENTS (KOHA) |
| Source of classification or shelving scheme |
|
| Koha item type |
Book |
| Call number prefix |
005.133,ROB |